000 00487nam a2200157 4500
001 131698
003 ES-MaACL
005 20230906194029.0
007 t|
008 070214s1970 sp r ||||1| spa d
100 1 _aRodríguez Lapuente, Manuel.
_998598
245 1 0 _aHistoria de Iberoamérica /
_cpor Manuel Rodríguez Lapuente.
260 _aBarcelona :
_bSopena,
_c1970.
300 _a679 p., 52 lám., 6 lám. col. ;
_c21 cm +
_e1 map. col.
852 _aES-MaACL
_jC-39548
_bR.76328
999 _c131698
_d131698